Differential and integral calculus

Guardado en:
書目詳細資料
主要作者: Kent, James Ronald Fraser, 1912-
格式: 圖書
語言:English
出版: Boston, Houghton Mifflin 1960
主題:
標簽: 添加標簽
沒有標簽, 成為第一個標記此記錄!

MARC

LEADER 00000nam a2200000Ia 4500
003 000228
005 20221231143935.0
008 140114s1960 maua 000 ||eng d
040 |c cru CEDI 
082 |a 517.1 K37d 
100 |a Kent, James Ronald Fraser, 1912-  |9 20718 
245 |a Differential and integral calculus 
260 |a Boston, Houghton Mifflin   |c 1960 
300 |a 511 páginas ; ilustraciones. 24cm. 
650 |x CALCULO DIFERENCIAL   |x CALCULO INTEGRAL  |9 20719 
942 |2 ddc  |c BK 
999 |c 14550  |d 14550